Management for Social Enterprise / (Record no. 1344)

000 -LEADER
fixed length control field 00833nam a2200289 a 4500
008 - FIXED-LENGTH DATA ELEMENTS--GENERAL INFORMATION
fixed length control field 191220t2009 ii a|||g |||| 001 0 eng d
020 ## - INTERNATIONAL STANDARD BOOK NUMBER
International Standard Book Number 9788132106456
Terms of availability Rs. 375.00
040 ## - CATALOGING SOURCE
Original cataloging agency IMU Kochi Library
Language of cataloging eng
041 0# - LANGUAGE CODE
Language code of text/sound track or separate title eng
044 ## - COUNTRY OF PUBLISHING/PRODUCING ENTITY CODE
MARC country code India
082 04 - DEWEY DECIMAL CLASSIFICATION NUMBER
Edition number 23
Classification number 361.765
Item number D68
245 00 - TITLE STATEMENT
Title Management for Social Enterprise /
260 ## - PUBLICATION, DISTRIBUTION, ETC. (IMPRINT)
Place of publication, distribution, etc New Delhi :
Name of publisher, distributor, etc SAGE Publications India Pvt Ltd. ,
Date of publication, distribution, etc 2011.
300 ## - PHYSICAL DESCRIPTION
Extent ix, 246 p. :
Other physical details ill. ;
Dimensions 24 cm
504 ## - BIBLIOGRAPHY, ETC. NOTE
Bibliography, etc Includes Index.
650 #0 - SUBJECT ADDED ENTRY--TOPICAL TERM
Topical term or geographic name as entry element Nonprofit organizations
General subdivision Management
650 #0 - SUBJECT ADDED ENTRY--TOPICAL TERM
Topical term or geographic name as entry element Social entrepreneurship
700 ## - ADDED ENTRY--PERSONAL NAME
Personal name Doherty, Bob
Relator term Joint Author
700 ## - ADDED ENTRY--PERSONAL NAME
Personal name Foster, George
Relator term Joint Author
700 ## - ADDED ENTRY--PERSONAL NAME
Personal name Mason, Chris
Relator term Joint Author
700 ## - ADDED ENTRY--PERSONAL NAME
Personal name Meehan, John
Relator term Joint Author
700 ## - ADDED ENTRY--PERSONAL NAME
Personal name Rotheroe, Neil
Relator term Joint Author
700 ## - ADDED ENTRY--PERSONAL NAME
Personal name Royce, Maureen
Relator term Joint Author
852 ## - LOCATION/CALL NUMBER
Location IMU Kochi Library
904 ## - LOCAL DATA ELEMENT D, LDD (RLIN)
CATALOGER Akhil Bose
942 ## - ADDED ENTRY ELEMENTS (KOHA)
Item type Books
Holdings
Withdrawn status Lost status Source of classification or shelving scheme Damaged status Not for loan Collection code Permanent location Current location Shelving location Date acquired Source of acquisition Cost, normal purchase price Total Checkouts Full call number Barcode Date last seen Date last borrowed Koha item type Public note
          Management Studies IMU Kochi Library IMU Kochi Library Fiction & General 2012-11-15 M/s Unique Book Store (Inv. No.2012/321 dt. 2012-11-12) 375.00 1 361.765 D68 BK002178 2022-04-06 2022-04-06 Books Shelf-18, Row-3


Copyright © All Rights Reserved by Indian Maritime University, Kochi Campus.
For any Suggestions/Query Contact to library or Email: library.kochi@imu.ac.in Ph:(0484)-2989402
(Web OPAC Designed by Rudra Ranjan. Maintained by IMU Kochi Library)

Powered by Koha